000 00818nam a22002057a 4500
008 131113b xxu||||| |||| 00| 0 alb d
020 _a9789994398249
041 1 _aalb
080 _a339.9
_x(036)
100 1 _aEpping, Randy Charles
245 1 0 _aNjë guidë e Ekonomisë Botërore. :
_cRandy Charles Epping ; e përktheu Mustafa Nano.
260 _aTiranë, :
_bInstituti i Dialogut dhe i Komunikimit ;
_c2007.
300 _a286 f. :
_bilustr. ;
_c21 cm.
500 _aTitulli i origjinalit : A beginner's guide to the world economy
650 0 _aEkonomia e zhvillimit
_vGuidat
650 0 _aTregtia ndërkombëtare
650 0 _aFinanca ndërkombëtare
700 1 _aNano, Mustafa
942 _2udc
_cBK
999 _c304
_d304